00270nam a22000977a 4500008004100000082001300041100004500054245003600099260002800135300000900163230626b xxu||||| |||| 00| 0 eng d a332bANN cPaul Anning, Emily Reid and Heather Rowe aE-Finance :bLaw and Regulation aUKbReed Elsevierc2003 a509p